Echelle de mots: de Âne à Bâté - Statistiques

Statistiques générales
  • Ce quiz a été pris 253 fois
  • Le résultat moyen est 24 sur 38
Statistiques - réponses
Hint Réponse % Correct
Mammifère souvent qualifié de têtu Âne
100%
Notre esprit intérieur Âme
99%
Utile pour la guerre (rajouter une lettre) Arme
97%
Se dit d'un âne qui porte un bât Bâté
87%
Le train s'y arrête Gare
85%
Notre planète Terre
85%
Qui manque d'éclat Terne
80%
Sous l’œil fatigué Cerne
75%
De brume ou d'abondance, c'est là qu'il faut prendre le taureau Corne
75%
Seigneur Anglais Lord
74%
Contraction de "à les" Aux
71%
Partie du porc que l'on mange Lard
71%
Dont le poids est élevé (rajouter une lettre) Lourd
71%
Composé principalement d'azote et d'oxygène Air
69%
Conjugaison du verbe dormir Dorme
68%
Département numéro 30 Gard
68%
Pas mieux, au contraire Pire
68%
Mûre, groseille, cassis ou fraise Baie
67%
Se dit d'un film qui suscite l'épouvante par l'abondance de sang Gore
66%
Surface (rajouter un lettre) Aire
64%
Utile pour les bougies Cire
64%
Au nord de Marseille Aix
62%
Tissu formant la peau Derme
60%
Évite un coup Pare
60%
Trompe Berne
58%
Le cheval l'est, une fois les quatre fers aux pattes Ferré
58%
Arbre de nos forêts Orme
57%
Donne l'argent Paie
57%
Coté (enlever une lettre) Bord
51%
Qui a de la consistance, sans être très dur Ferme
51%
Règle, habitude (rajouter un lettre) Norme
50%
Replie le bord des draps Borde
44%
Élément de numéro atomique Z = 5 Bore
44%
Réunions de brins Corde
40%
Destiné à (enlever une lettre + changement de lettre) Pour
37%
Gros coussin capitonné Pouf
36%
Dingue, incroyable (enlever une lettre) ouf
35%
Sur, en allemand Auf
34%
Aucun quiz correspondant
Distribution des résultats
% des personnes avec chaque résultat
Percentile par nombre de réponses
Votre historique - résultats
Vous n’avez pas pris ce quiz